Tarikatlar ve Türkiye (Record no. 4426)

MARC details
000 -BAŞLIK
Sabit Uzunlukta Kontrol Alanı 00705na a2200241 4500
001 - KONTROL NUMARASI
Denetim Alanı 16939
003 - KONTROL NUMARASI IDENTIFIER
Denetim Alanı MIRAKIL
005 - SON İŞLEM TARİHİ VE ZAMANI
Denetim Alanı 20181213155005.0
008 - SABİT-BOY VERİ ELEMANLARI - GENEL BİLGİLER
Sabit Uzunlukta Kontrol Alanı 161018b tu 000 0
040 ## - KATALOGLAMA KAYNAK
Orijinal Kataloglama Ajansı Milas
Kataloglama Dili tur
Metne Dönüştürmek Ajansı TR-AnCHP
041 ## - DİL KODU
Metin / Ses Parça Veya Ayrı Başlığın Dil Kodu tur
082 ## - DEWEY ONLU SINIFLANDIRMA NUMARASI
Sınıflandırma Numarası CHP 297.65
Ürün Numarası T26 1997
090 ## - SINIFLAMA NUMARASI
Sınıflama Numarası CHP 297.65 T26 1997
245 ## - BAŞLIK TABLOSU
Başlık Tarikatlar ve Türkiye
Sorumluluk Tablosu, Vb Hazırlayanlar Ahmet Dinç, Mehmet Yula
260 ## - YAYIN, DAĞITIM, VB
Yayın, Dağıtım, Vb Yeri Ankara
Yayıncı, Dağıtıcı, Vs Adı CHP Ankara İl Örgütü Yayınları
Yayın, Dağıtım, Vb Tarihi 1997
300 ## - FİZİKSEL TANIM
Kapsam 41 s.
Diğer Fiziksel Ayrıntıları res.
Boyutlar 18 sm.
490 ## - SERİSİ TABLOSU
Seri Beyanı CHP Ankara İl Örgütü Yayınları
Hacim / Ardışık Tanımı 1
610 ## - KONU KATMA GİRİŞ - TOPLANTI ADI
Giriş Elemanı Olarak Kurumsal Ad Veya Yargı Alanı Adı CHP Ankara İl Örgütü
650 ## - KONU KATMA GİRİŞ - TOPİKAL DÖNEM
Topikal Süreli Veya Coğrafi Ad Giriş Elemanı Tarikatlar
Coğrafi Alt Bölümü Türkiye
700 ## - KATMA GİRİŞ - KİŞİSEL İSİM
Kişisel Ad Yula, Mehmet
700 ## - KATMA GİRİŞ - KİŞİSEL İSİM
Kişisel Ad Dinç, Ahmet
942 ## - EKLENDİ GİRİŞ ELEMANLARI (KOHA)
Sınıflandırma Veya Raf Düzeni Kaynak Dewey Decimal Classification
Koha Öğesi Türü Books
999 ## - SİSTEM KONTROL NUMARALARI (KOHA)
Koha Biblionumber 4426
Koha Biblioitemnumber 4426
Holdings
Kalıcı Konum Mevcut Konum Edinme Tarihi Edinim Kaynak Toplam Check-Out'Lar Tam Çağrı Numarası Barkod Tarih Son Görülme Kopya Sayısı İtibaren Geçerli Fiyatlar Koha Öğesi Türü
CHP Kütüphanesi CHP Kütüphanesi 10/18/2016 Bağış   CHP 297.65 T26 1997 005810 10/18/2016 k.2 10/18/2016 Books